Symbol v diagnostice a psychoterapii

Saved in:
Bibliographic Details
Main Author Maria-Elisabeth, Wollschläger
Other Authors Wollschläger Gerhard
Format Electronic eBook
LanguageCzech
Published Portál 2026
Edition1. elektronické vydání
Subjects
Online AccessDostupné v BOOKPORT po přihlášení pomocí eduID
ISBN978-80-262-2426-6
978-80-262-2393-1
Physical Description1 online zdroj (232 stran)

Cover

LEADER 00000nam a2200000 i 4500
001 bkp132147649
003 CZ-prgp
005 20260413105554.0
006 m o d
007 cr cn
008 260413s2026 xr o 000 0 cze
020 |a 978-80-262-2426-6  |c 361 Kč  |q (online ; epub) 
020 |a 978-80-262-2393-1  |c 469 Kč  |q (print) 
040 |a Grada  |b cze  |e rda 
100 1 |a Maria-Elisabeth, Wollschläger 
245 1 0 |a Symbol v diagnostice a psychoterapii  |c Wollschläger Maria-Elisabeth, Wollschläger Gerhard 
250 |a 1. elektronické vydání 
264 1 |b Portál  |c 2026 
300 |a 1 online zdroj (232 stran) 
336 |a text  |b txt  |2 rdacontent 
337 |a počítač  |b c  |2 rdamedia 
338 |a online zdroj  |b cr  |2 rdacarrier 
520 3 |a Mnozí lidé trpí psychickými obtížemi, které jsou stěží přístupné přímým terapeutickým snahám. V těchto případech se nabízí použití symbolických objektů (obrazů, fotografií, figurek a dalších předmětů), které může člověk asociovat se sebou, svými vzpomínkami, přáními či úzkostmi. Obyčejné věci tak mohou posloužit jako "překladatelé" k většímu porozumění člověka sobě samému a vlastním životním tématům. Autoři nabízejí podněty ke shromáždění symbolického materiálu i k práci s ním jak v terapii individuální, párové či rodinné, tak v procesu "obyčejného" sebepoznání. Kniha je určena všem odborníkům se vzděláním v různých terapeutických směrech. 
650 0 4 |a Pedagogika 
650 0 4 |a Psychiatrie, psychoterapie 
650 0 4 |a Psychologie odborná 
700 1 |a Wollschläger Gerhard 
856 4 0 |u https://www.bookport.cz/AccountSaml/SignIn/?idp=https://shibboleth.utb.cz/idp/shibboleth&returnUrl=/kniha/symbol-v-diagnostice-a-psychoterapii-15947/  |y Dostupné v BOOKPORT po přihlášení pomocí eduID